LEADER 01075nam a2200265 u 4500 001 000000037630 003 CaOOAMICUS 005 20070226113804.0 008 980415s1982 it u000 u ita u 035 $a10790299 040 $aPUL(R)$bita$dPUL 100 1 $aCasini, Carlo.$0(OLS)http://pul/name/28217 245 10$aDiritto alla vita :$bla vicenda costituzionale /$cCarlo Casini. 260 $aNapoli :$bDehoniane,$c1982. 300 $a278 p. ;$c21 cm 490 1 $aQuaderni di studi sociali ;$v15 650 4$aDiritto alla vita.$0(OLS)http://pul/subject/3390 650 4$aAborto.$0(OLS)http://pul/subject/6488 830 0$aQuaderni di studi sociali ;$v15.$0(OLS)http://pul/title/51190 850 $aPUL 852 $aPUL$W1$xSL Diritto e Scienze Sociali 1$y4$m175 B 38$j51416$nBK-PRI$b $qStampati$B51416$CPULBib$Z2$F51416 $H $81 941 1 $a8 961 $aINV: 53777 996 $6245$aDiritto alla vita :$bla vicenda costituzionale$9(OLS)http://pul/title/51189 996 $6260$aNapoli :$bDehoniane$9(OLS)http://pul/publisher/51874 LEADER 01203cam a22002894a 4500 001 000000118420 003 CaOOAMICUS 005 20091207090902.0 008 091127s2005 it b 000 0 ita r 020 $a978-88-420-8570-6 040 $aPUL$bita$dReb 041 1 $aita$heng 100 1 $aBauman, Zygmunt,$d1925-2017.$0(OLS)http://pul/name/31901 240 10$aLiquid life$lItaliano.$0(OLS)http://pul/title/149028 245 10$aVita liquida /$cZygmunt Bauman ; traduzione di Marco Cupellaro. 260 $aRoma :$bLaterza,$cİ2005. 300 $axxiii, 188 p. ;$c21 cm. 490 1 $aEconomica Laterza ;$v455 650 4$aPostmodernismo$xAspetti sociali.$0(OLS)http://pul/subject/29842 700 1 $aCupellaro, Marco.$0(OLS)http://pul/name/73960 830 0$aEconomica Laterza ;$v455.$0(OLS)http://pul/title/39309 850 $aPUL 852 $aPUL$W1$xSL Diritto e Scienze Sociali 3$y79$m306 BAUZY 1$j135856$qDDC 21$B134848$CPULBib$Z2$F134848 $H111731 $82 941 1 $a9 996 $6020$a978-88-420-8570-6$9(OLS)http://pul/number/142570 996 $6245$aVita liquida$9(OLS)http://pul/title/149027 996 $6260$aRoma :$bLaterza$9(OLS)http://pul/publisher/47864